|
|
|
|
| LEADER |
01056nam a2200277 a 4500 |
| 001 |
1825788 |
| 008 |
00920s1981 caua b 001 0 eng d |
| 010 |
|
|
|a 80008909
|
| 020 |
|
|
|a 0875894933
|
| 020 |
|
|
|a 1555424422
|
| 040 |
|
|
|a DLC
|c DLC
|d DLC
|d DB-DhAAL
|
| 082 |
0 |
0 |
|a 001.4
|2 19
|
| 100 |
1 |
|
|a Guba, Egon G.
|
| 245 |
1 |
0 |
|a Effective evaluation /
|c Egon G. Guba, Yvonna S. Lincoln.
|
| 250 |
|
|
|a 1st ed.
|
| 260 |
|
|
|a San Francisco :
|b Jossey-Bass Publishers,
|c 1981.
|
| 300 |
|
|
|a xxi, 423 p. :
|b ill. ;
|c 24 cm.
|
| 490 |
0 |
|
|a A Joint publication in the Jossey-Bass higher education and Social and behavioral sciences series
|
| 504 |
|
|
|a Includes Bibliography: (p. 383-410) and indexes.
|
| 541 |
1 |
|
|e 00005105
|
| 650 |
|
0 |
|a Evaluation.
|
| 650 |
|
0 |
|a Evaluation
|x Methodology.
|
| 700 |
1 |
|
|a Lincoln, Yvonna S.,
|e joint author.
|
| 852 |
4 |
|
|a Ayesha Abed Library
|j General Shelf.
|
| 999 |
|
|
|c 9495
|d 9495
|
| 952 |
|
|
|0 0
|1 0
|2 ddc
|4 0
|6 001_400000000000000_GUB_1981
|7 0
|9 11914
|a BRACUL
|b BRACUL
|c GEN
|d 2010-09-21
|g 2090.00
|l 0
|o 001.4 GUB
|p 3010005105
|r 2010-09-21
|t 1
|w 2010-09-21
|y BK
|